Radhika Nath Saha Unsung Hero Of Indian Fountain Pen/ (Record no. 195130)

MARC details
000 -LEADER
fixed length control field 00564nam a22001937a 4500
005 - DATE AND TIME OF LATEST TRANSACTION
control field 20230317125659.0
010 ## - LCCN (DPL NO)
LC control number ENG-136248
020 ## - INTERNATIONAL STANDARD BOOK NUMBER
Terms of availability 700.00
International Standard Book Number 9789389209310
035 ## - SYSTEM CONTROL NUMBER
System control number EN-119780
037 ## - SOURCE OF ACQUISITION
Source of stock number/acquisition DBAD/PUB
082 ## - DEWEY DECIMAL CLASSIFICATION NUMBER
Classification number 609.2
100 ## - MAIN ENTRY--PERSONAL NAME
Personal name Roy , Sovan
245 ## - TITLE STATEMENT
Title Radhika Nath Saha Unsung Hero Of Indian Fountain Pen/
Statement of responsibility, etc By Sovan Roy
260 ## - PUBLICATION, DISTRIBUTION, ETC. (IMPRINT)
Place of publication, distribution, etc West Bengal
Name of publisher, distributor, etc Kamlesh Nanda
Date of publication, distribution, etc 2019
270 ## - ADDRESS
Address Paschim,Medinipur,
City West Bengal
Postal code 721102
300 ## - PHYSICAL DESCRIPTION
Extent 160p.
Dimensions 24cm(hbk)
500 ## - GENERAL NOTE
General note Volume 1 Ancient
942 ## - ADDED ENTRY ELEMENTS (KOHA)
Source of classification or shelving scheme Dewey Decimal Classification
Item type English Books
Classification part 609.2
Call number suffix ROY
Holdings
Withdrawn status Lost status Not for loan Collection code Home library Current library Date acquired Source of acquisition Cost, normal purchase price Full call number Barcode Copy number Cost, replacement price Koha item type
      Non-fiction Katevara Katevara 22/02/2023 DBAD/PUB 700.00 609.2 ROY EN-119780 1 700.00 English Books

© Delhi Public Library
Hit Counter
free hit counter